| 000 | 00445cam a2200169ua 4500 | ||
|---|---|---|---|
| 041 |
_aeng _h |
||
| 082 |
_a954 _bSRI/OX |
||
| 100 | _aSrinivas Kini, K. | ||
| 245 |
_aOxford pictorial atlas of Indian history / _cK Srinivas Kini. _hTextual Documents |
||
| 250 |
_a8 / _b. |
||
| 260 |
_aCalcutta : _bOxford University Press , _c1962. |
||
| 300 | _a72 ; . | ||
| 504 | _a | ||
| 700 | 1 | _aBhavani Shanker Rao, U. | |
| 942 | _cBK | ||
| 999 |
_c260 _d260 |
||